| 000 | 00360nam a2200133Ia 4500 | ||
|---|---|---|---|
| 005 | 20260328101530.0 | ||
| 008 | 260328s9999||||xx |||||||||||||| ||und|| | ||
| 100 | _aBrolin, Brent C. | ||
| 245 | 4 |
_aThe Designer's eye : _b Problem-solving in Architectural Design / _cBrent C. Brolin |
|
| 260 | _bNorton | ||
| 300 | _a144 p. | ||
| 650 | _aFOTOGRAFÍA | ||
| 942 | _cBK | ||
| 999 |
_c9934 _d9934 |
||